| 000 | 00456nam a22001577a 4500 | ||
|---|---|---|---|
| 003 | OSt | ||
| 008 | 260429b |||||||| |||| 00| 0 eng d | ||
| 082 |
_a635.25 _bM85C |
||
| 100 | _aKumar, Mukesh | ||
| 245 | _aChemical and Physical Regulations on Prolonging Storage Life on Rainy Season Onion (Allium cepa L.) | ||
| 260 |
_aPusa, Samastipur _bRAU _c1992 |
||
| 300 | _a101P. | ||
| 502 |
_bMsc. _d1992 |
||
| 650 | _aVegetable & Floriculture | ||
| 942 |
_2ddc _cT |
||
| 999 |
_c50294 _d50294 |
||